Guess the Taylor Swift Song with No Hints - 22 - Statistics

General Stats
  • This quiz has been taken 48 times
  • The average score is 211 of 298
Answer Stats
Answer % Correct
I
100%
a
95%
A
95%
you
93%
You
93%
in
91%
the
91%
to
91%
was
91%
Where
91%
an
89%
And
89%
and
89%
is
89%
it
89%
me
89%
me?
89%
were
89%
Were
89%
When
89%
who
89%
your
89%
my
86%
no
84%
then
84%
On
82%
on
82%
All
80%
all
80%
for
80%
For
80%
so
80%
that
80%
there
80%
Time,
80%
time
80%
at
77%
of
77%
think
77%
She
75%
just
73%
our
73%
read
73%
some
73%
would
73%
didn't
70%
Invisible
70%
invisible
70%
it's
70%
like
70%
make
70%
One
70%
but
68%
by
68%
color
68%
LA
68%
Park
68%
see?
68%
string
68%
use
68%
baby,
66%
first
66%
isn't
66%
said
66%
shirt
66%
Teal
66%
used
66%
Centennial
64%
Green
64%
little
64%
meet
64%
money
64%
shop
64%
their
64%
trip
64%
Tying
64%
along
61%
Now
61%
pretty
61%
somebody
61%
work
61%
yogurt
61%
clues
59%
grass
59%
Out
59%
sixteen
59%
gold
57%
Gold
57%
looked
57%
right
57%
thread
57%
with
57%
Bad
55%
blood
55%
down
55%
tied
55%
around
52%
fine
52%
Ooh
52%
pink
52%
single
52%
American
50%
babies
50%
boys
50%
curious
50%
Gave
50%
gave
50%
heart
50%
into
50%
lake
50%
presents
50%
purple
50%
signs
50%
singer
50%
Bold
48%
Cuttin'
48%
demons,
48%
dinner
48%
healin'
48%
past
48%
skies
48%
Something
48%
song
48%
waitress
48%
bar
45%
barbed
45%
broke
45%
cab
45%
dive
45%
favorite
45%
Getting
45%
mystical
45%
open,
45%
seasons
45%
send
45%
showed
45%
spot
45%
wrapped
45%
year
45%
ate
43%
axe
43%
blues
43%
mistakes
43%
three
43%
wire
43%
wrong
43%
Chains
41%
Hell
41%
leaves
41%
lunch
41%
brave
39%
Cold
39%
compasses,
39%
grind
39%
heaven
39%
pulled
39%
wool
39%
arms
36%
brought
36%
journey
36%
wondrous
36%
cool,
32%
steel
32%
Hee
20%
sting
18%
No matching quizzes found
Score Distribution
Percent of People with Each Score
Percentile by Number Answered
Your Score History
You have not taken this quiz